000 02331nam a22003617a 4500
001 100871
003 KnowledgeUnlatched
005 20210303105328.0
006 m o d
007 cr u||||||||||
008 210129p20122018enk o u00| u eng d
035 _a(OCoLC)818317949
037 _5BiblioBoard
245 0 0 _aTweets and the Streets
_bSocial Media and Contemporary Activism /
_cPaolo Gerbaudo.
020 _a9781849648004
029 1 _ahttps://library.biblioboard.com/ext/api/media/6b1959ff-fdff-45bf-9825-5fa6f9c3ae6c/assets/thumbnail.jpg
040 _aScCtBLL
_cScCtBLL
100 1 _aGerbaudo, Paolo
_eauthor.
264 1 _bPluto Press,
300 _a1 online resource.
506 0 _aAccess copy available to the general public.
_fUnrestricted
_2star
520 _aTweets and the Streets analyses the culture of the new protest movements of the 21st century. From the Arab Spring to the 'indignados' protests in Spain and the Occupy movement, Paolo Gerbaudo examines the relationship between the rise of social media and the emergence of new forms of protest. Gerbaudo argues that activists' use of Twitter and Facebook does not fit with the image of a 'cyberspace' detached from physical reality. Instead, social media is used as part of a project of re-appropriation of public space, which involves the assembling of different groups around 'occupied' places such as Cairo's Tahrir Square or New York's Zuccotti Park. An exciting and invigorating journey through the new politics of dissent, Tweets and the Streets points both to the creative possibilities and to the risks of political evanescence which new media brings to the contemporary protest experience.
588 0 _aDescription based on print version record.
590 _aKU Select 2017: Backlist Collection
650 7 _aSocial Science / Media Studies
_2bisacsh
650 0 _aSocial sciences
655 0 _aElectronic books.
758 _iIs found in:
_aKnowledge Unlatched
_1https://openresearchlibrary.org/module/2774bc74-146a-484f-a7ba-ab1d6a09bbfb
856 4 0 _uhttps://openresearchlibrary.org/content/6b1959ff-fdff-45bf-9825-5fa6f9c3ae6c
_zView this content on Open Research Library.
_70
999 _c34158
_d34158